Normal view
MARC view
Entry Personal Name
001 - CONTROL NUMBER
- control field: 7961
003 - CONTROL NUMBER IDENTIFIER
- control field: OSt
005 - DATE AND TIME OF LATEST TRANSACTION
- control field: 20211028144317.0
008 - FIXED-LENGTH DATA ELEMENTS
- fixed length control field: 211028|| aca||aabn | a|a d
040 ## - CATALOGING SOURCE
- Original cataloging agency: OSt
- Transcribing agency: OSt
100 ## - HEADING--PERSONAL NAME
- Personal name: V P Athira; Harinakshi.
- Miscellaneous information: 1616209
670 ## - SOURCE DATA FOUND
- Source citation: Work cat.: (OSt): V P Athira; Harinakshi. 1616209, Study on effectiveness of employees training and development in operation CPS Bangalore., 2018